| 000 | 01084pam a2200289 i 4500 | ||
|---|---|---|---|
| 001 | 4613556 | ||
| 005 | 20080505100601.0 | ||
| 008 | 770629s1977 nyu b 001 0 eng | ||
| 010 | _a 77075252 | ||
| 020 | _a9780465037070 | ||
| 020 | _a0465037070 | ||
| 040 |
_aDLC _cDLC _dDLC |
||
| 050 | 0 | 0 |
_aU21.2 _b.W345 |
| 082 | 0 | 0 |
_a355.02 _222 _bWAL |
| 100 | 1 | _aWalzer, Michael. | |
| 245 | 1 | 0 |
_aJust and unjust wars : _bA moral argument with historical illustrations / _cMichael Walzer. |
| 250 | _a4th ed. | ||
| 260 |
_aNew York : _bBasic Books, _cc2006. |
||
| 300 |
_axxviii, 361 p. ; _c24 cm. |
||
| 500 | _a" With a new introduction by the auther "--- cover | ||
| 504 | _aIncludes bibliographical references and index. | ||
| 650 | 0 | _aWar. | |
| 856 | 4 | 2 |
_3Publisher description _uhttp://www.loc.gov/catdir/enhancements/fy0830/77075252-d.html |
| 942 |
_2ddc _cBB |
||
| 999 |
_c11034 _d11034 |
||